Basic construction and surveying law (Record no. 542284)

000 -LEADER
fixed length control field 00392nam a22001337a 4500
020 ## - INTERNATIONAL STANDARD BOOK NUMBER
International Standard Book Number 0246119632
082 ## - DEWEY DECIMAL CLASSIFICATION NUMBER
Classification number 342
Author Mark WOO
-- MCE, L-16, p-56
245 ## - TITLE STATEMENT
Title Basic construction and surveying law
Statement of responsibility, etc. Wood, Douglas
260 ## - PUBLICATION, DISTRIBUTION, ETC.
Place of publication, distribution, etc. London
Name of publisher, distributor, etc. Granada Publishing Ltd
Date of publication, distribution, etc. 1984
300 ## - PHYSICAL DESCRIPTION
Extent viii, 242 p. :
Other physical details ill, ;
Dimensions 20 cm.
526 ## - STUDY PROGRAM INFORMATION NOTE
Program name 0
Interest level 0
Reading level 0
Title point value 342_000000000000000_WOO
650 ## - SUBJECT ADDED ENTRY--TOPICAL TERM
Topical term or geographic name entry element MCE
9 (RLIN) 379
942 ## - ADDED ENTRY ELEMENTS (KOHA)
Source of classification or shelving scheme
Koha item type Book
Holdings
Withdrawn status Lost status Source of classification or shelving scheme Damaged status Not for loan Permanent Location Current Location Date acquired Total Checkouts Full call number Barcode Date last seen Copy number Price effective from Koha item type
          Military College of Engineering (MCE) Military College of Engineering (MCE) 10/01/2013   342 WOO MCE-24901 10/01/2013 1 10/01/2013 Book
© 2023 Central Library, National University of Sciences and Technology. All Rights Reserved.